A Christmas Carol / (Record no. 177495)

MARC details
000 -LEADER
fixed length control field 00963nam a2200289 ia4500
003 - CONTROL NUMBER IDENTIFIER
control field OSt
005 - DATE AND TIME OF LATEST TRANSACTION
control field 20200607145122.0
008 - FIXED-LENGTH DATA ELEMENTS--GENERAL INFORMATION
fixed length control field 130313s2015 -uka j | 001 1 eng d
020 ## - INTERNATIONAL STANDARD BOOK NUMBER
International Standard Book Number 9781409312215
Terms of availability RM21.95
Qualifying information hardback
040 ## - CATALOGING SOURCE
Original cataloging agency PPAK
Language of cataloging eng
Transcribing agency PPAK
Description conventions rda
082 04 - DEWEY DECIMAL CLASSIFICATION NUMBER
Classification number 823.92
Edition number 23
090 00 - LOCALLY ASSIGNED LC-TYPE CALL NUMBER (OCLC); LOCAL CALL NUMBER (RLIN)
Classification number (OCLC) (R) ; Classification number, CALL (RLIN) (NR) 823.92
Feature heading DIC
Feature heading K
100 1# - MAIN ENTRY--PERSONAL NAME
Personal name Dickens, Charles,
Dates associated with a name 1812-1870
Relator term author.
245 12 - TITLE STATEMENT
Title A Christmas Carol /
Statement of responsibility, etc. by Charles Dickens ; Retold by Joan Collins ; Illustrated by Steve Horrocks
264 #1 - PRODUCTION, PUBLICATION, DISTRIBUTION, MANUFACTURE, AND COPYRIGHT NOTICE
Place of production, publication, distribution, manufacture London, United Kingdom :
Name of producer, publisher, distributor, manufacturer Ladybird Books,
Date of production, publication, distribution, manufacture, or copyright notice [2015?]
300 ## - PHYSICAL DESCRIPTION
Extent 71 pages :
Other physical details colour illustrations ;
Dimensions 21 cm
336 ## - CONTENT TYPE
Source rdacontent
Content type term text
337 ## - MEDIA TYPE
Source rdamedia
Media type term unmediated
338 ## - CARRIER TYPE
Source rdacarrier
Carrier type term volume
490 1# - SERIES STATEMENT
Series statement LADYBIRD CLASSICS
650 10 - SUBJECT ADDED ENTRY--TOPICAL TERM
Topical term or geographic name entry element English fiction
Topical term or geographic name entry element Christmas stories
Form subdivision Juvenile literature
700 1# - ADDED ENTRY--PERSONAL NAME
Personal name Collins, Joan,
Relator term author.
Personal name Horrocks, Steve,
Relator term illustrator.
830 #0 - SERIES ADDED ENTRY--UNIFORM TITLE
Uniform title Ladybird classics
942 ## - ADDED ENTRY ELEMENTS (KOHA)
Source of classification or shelving scheme Dewey Decimal Classification
Koha item type Book
Holdings
Withdrawn Not for loan Current library Shelving location Date acquired Total Checkouts Full call number Barcode Checked out Date last seen Date last checked out Koha item type
    Perpustakaan Alor Setar Pinjaman Kanak-kanak 29/06/2020 4 K 823.92 DIC A01644586 06/07/2026 15/06/2026 15/06/2026 Book
    Perpustakaan Awam Sungai Petani Pinjaman Kanak-kanak 29/06/2020 5 K 823.92 DIC A01644587   19/03/2025 26/02/2025 Book
    Perpustakaan Kulim Pinjaman Kanak-kanak 29/06/2020 4 K 823.92 DIC A01644588   09/11/2025 28/09/2025 Book